书目信息 |
| 题名: |
建筑业全面质量管理
|
|
| 作者: | 朝香轶一 , 田村恭 主编 ;冯秉明 , 郗小森 , 王业芹 译 | |
| 分册: | ||
| 出版信息: | 北京 中国建筑工业出版社 1987 |
|
| 页数: | 323页 | |
| 开本: | 20cm | |
| 丛书名: | ||
| 单 册: | ||
| 中图分类: | F407.9 | |
| 科图分类: | ||
| 主题词: | 建筑企业-全面质量管理 , 全面质量管理-建筑企业 | |
| 电子资源: | ||
| ISBN: | ||
| 000 | 00884nam0 2200289 45 | |
| 001 | 0187003117 | |
| 005 | 20060809144446.34 | |
| 010 | @dCNY2.60 | |
| 091 | @aCN@b15040.5208 | |
| 100 | @a19900808d1987 emky0chiy0121 ea | |
| 101 | 1 | @achi@cjpn |
| 102 | @aCN@b110000 | |
| 105 | @ay z 000yy | |
| 200 | 10 | @a建筑业全面质量管理@Ajian zhu ye quan mian zhi liang guan li@f(日)朝香轶一, (日)田村恭主编@g郗小森等译 |
| 210 | @a北京@c中国建筑工业出版社@d1987 | |
| 215 | @a323页@d20cm | |
| 606 | @a建筑企业-全面质量管理 | |
| 606 | @a全面质量管理-建筑企业 | |
| 690 | @aF407.9@v3 | |
| 701 | 0 | @a朝香轶一@Azhao xiang yi yi@4主编 |
| 701 | 0 | @a田村恭@Atian cun gong@4主编 |
| 702 | 0 | @a冯秉明@Afeng bing ming@4译 |
| 702 | 0 | @a郗小森@Axi xiao sen@4译 |
| 702 | 0 | @a王业芹@Awang ye qin@4译 |
| 801 | 0 | @aCN@bTSSF@c20060809 |
| 801 | 2 | @aCN@bNLC@c20060809 |
| 905 | @a10447@dF407.9@e124 | |
| 建筑业全面质量管理/(日)朝香轶一, (日)田村恭主编/郗小森等译.-北京:中国建筑工业出版社,1987 |
| 323页;20cm |
| ISBN :CNY2.60 |
| ● |
| 相关链接 |
|
|
|
|
正题名:建筑业全面质量管理
索取号:F407.9/124
 
预约/预借
| 序号 | 登录号 | 条形码 | 馆藏地/架位号 | 状态 | 备注 |
| 1 | 0447864 | 204478644 | 密集书库/ [索取号:F407.9/124] | 在馆 | |
| 2 | 0447865 | 204478653 | 密集书库/ [索取号:F407.9/124] | 在馆 | |
| 3 | 0447941 | 204479411 | 密集书库/ [索取号:F407.9/124] | 在馆 |